Statystyki dla 10 krajów europejskich o największej liczbie turystów

Kliknij tutaj aby rozwiązać quiz!

Ogólne statystyki

  • Ten quiz został rozwiązany 883 razy
  • Średni wynik to 9 z 10

Statystyki odpowiedzi

# PrzylotyKraj% Poprawnych
75.6 mHiszpania
98%
82.6 mFrancja
97%
35.6 mNiemcy
95%
52.4 mWlochy
95%
17.5 mPolska
92%
35.8 mWielka Brytania
91%
24.8 mGrecja
86%
24.6 mRosja
83%
15.8 mHolandia
67%
28.1 mAustria
65%

Rozkład punktacji

Percentyl według liczby udzielonych odpowiedzi

Procent ludzi z każdym wynikiem

Twoja historia wyników

Nie rozwiązałeś tego quizu